000 00641nam a2200229Ia 4500
003 OSt
005 20220923230223.0
006 a|||||r|||| 00| 0
007 ta
008 Pun
024 _a278,473
037 _cTextual
040 _aARTS
_cARTS
_bPun
041 _2Pun
_aPun
082 _aO153,1M95x, M1
100 _aਮੁਸਾਖ਼ਿਰ, ਗੁਰਮੁਖ ਸਿੰਘ
_9157943
245 0 _aਦੂਰ ਨੇੜੇ
260 _c1981
650 _aਪੰਜਾਬੀ ਸਾਹਿਤ
942 _hO153,1M95x, M1
_cTEXL
_2CC
999 _c383341
_d383341